000 00687nam a2200289Ia 4500
005 20260324121119.0
008 008 260324s9999 xx 000 0 eng d
020 _a9781003151845
037 _aEBOOK
040 _aCRL
040 _beng
040 _cCRL
041 _2eng
041 _aeng
084 _qCRL
100 _aCLP Beck CEM
_91161239
245 0 _aGrid Parity
245 4 _bThe Art of Financing Renewable Energy Projects in the U.S.
260 _bTaylor and Francis
260 _c2014
365 _a
365 _b480
856 _uhttp://www.taylorfrancis.com/books/9781003151845
942 _cEBOOK
999 _c1753142
_d1753142